Direito penal das licitações : (Record no. 775)

MARC details
000 -LÍDER
Campo Fixo de Controle 00742nam a2200241 a 4500
001 - NÚMERO DE CONTROLE
Campo de Controle 775
003 - IDENTIFICAÇÃO DO NÚMERO DE CONTROLE
Campo de Controle BR-CuiBMT
005 - DATA E HORA DA ÚLTIMA ATUALIZAÇÃO
Campo de Controle 20231127202700.0
008 - DADOS FIXOS
Dados Fixos 231117s2004 spb 000 0 por d
020 ## - INTERNATIONAL STANDARD BOOK NUMBER
Nº do ISBN 8502045504
040 ## - AGÊNCIA CATALOGADORA
Código da Agência Catalogadora BR-CuiBMT
Agência que transcreveu o registro BR-CuiBMT
080 ## - Nº DA CLASSIFICAÇÃO DECIMAL UNIVERSAL
Nº edição CDU 2007
Nº Class. CDU 351.712:343.2
090 ## - NÚMERO DE CHAMADA
Nº classificação 351.712:343.2
Cutter C837d
Ano/Edição 2. ed.
100 1# - ENTRADA PRINCIPAL -- AUTOR PESSOAL
Nome pessoal Costa Júnior, Paulo José da,
Datas associadas ao nome 1925-2015
245 10 - TÍTULO PRINCIPAL
Título principal Direito penal das licitações :
Subtítulo comentários aos arts. 89 a 99 da Lei n. 8.666, de 21-6-1993 /
Indicação de responsabilidade Paulo José da Costa Jr.
250 ## - EDIÇÃO
Edição 2. ed.
260 ## - PUBLICAÇÃO, DISTRIBUIÇÃO, ETC.
Local de publicação São Paulo :
Editora Saraiva,
Data 2004.
300 ## - DESCRIÇÃO FÍSICA
N. páginas ou volumes 74 p. ;
Dimensões 21 cm
504 ## - NOTA DE BIBLIOGRAFIA, ETC.
Nota de bibliografia Inclui bibliografia.
650 ## - ASSUNTO TÓPICO
Cabeçalho tópico ou nome geográfico Direito penal
Subdivisão geográfica Brasil
650 ## - ASSUNTO TÓPICO
Cabeçalho tópico ou nome geográfico Licitações
942 ## - ELEMENTOS DE ENTRADA ADICIONAIS (KOHA)
Fonte de classificação ou esquema de arquivamento Classificação Decimal Universal
Tipo de item do Koha Livros
Holdings
Estado: removido Estado: perdido Fonte de classificação ou esquema de arquivamento Estado: danificado Indisponível para empréstimo Localização permanente Localização atual Data de aquisição Total Checkouts Número de Chamada completo Código de barras Date last seen Número do exemplar Preço efetivo a partir de Tipo de item (Koha)
    Classificação Decimal Universal     Biblioteca da Escola Superior de Contas do TCE/MT Biblioteca da Escola Superior de Contas do TCE/MT 23/09/2008   351.712:343.2 C837d 2. ed. BIBTCEMT23110689 17/11/2023 Ex. 1 17/11/2023 Livros

Powered by Koha